000 00316nam a2200133Ia 4500
008 240624s9999 xx 000 0 und d
041 _aeng
082 _a658.3 RAO
100 _aRAO V S P
245 _aMANAGING PEOPLE
260 _c2002
_aNew Delhi
_bExcel Books
300 _aix, : 414 : p. : cm. ; 25
365 _cRS
999 _c2499
_d2499